Základy práce s osobními počítači : [Určeno pro posl. VUT v Brně, fak. chem.] /

Main Author: Zmeškal, Oldřich, 1953-
Other Authors: Polcer, Jaroslav, Kaderka, Josef
Language: Czech
Published: Brno : Vysoké učení technické, 1994
Edition: 1. vyd.
Subjects:
Physical Description: 84 s. : tab.
Book
Saved in:
LEADER 01387nam a2200373 a 4500
001 000014229
003 CZ BrMZK
005 20260504121806.0
007 ta
008 010907s1994 xr e p cze d
020 |a 80-214-0573-2  |c 50.00 
040 |a BOA001  |b cze 
072 7 |a 004.3  |x Počítače. Hardware  |2 Konspekt  |9 23 
072 7 |a 37.016  |x Učební osnovy. Vyučovací předměty. Učebnice  |2 Konspekt  |9 22 
080 |a 004.382.7  |2 MRF 
080 |a 004.38-027.22  |2 MRF 
080 |a (075.8)  |2 MRF 
100 1 |a Zmeškal, Oldřich,  |d 1953-  |7 mzk2004236766  |4 aut 
245 1 0 |a Základy práce s osobními počítači :  |b [Určeno pro posl. VUT v Brně, fak. chem.] /  |c Oldřich Zmeškal, Josef Kaderka, Jaroslav Polcer 
250 |a 1. vyd. 
260 |a Brno :  |b Vysoké učení technické,  |c 1994 
300 |a 84 s. :  |b tab. 
500 |a Bibliogr. s. 84 
650 0 7 |a osobní počítače  |7 ph115619  |2 czenas 
650 0 7 |a práce s počítačem  |7 ph115909  |2 czenas 
650 0 9 |a personal computers  |2 eczenas 
650 0 9 |a using personal computers  |2 eczenas 
655 7 |a učebnice vysokých škol  |7 fd133772  |2 czenas 
655 9 |a textbooks (higher)  |2 eczenas 
700 1 |a Polcer, Jaroslav  |4 aut 
700 1 |a Kaderka, Josef  |4 aut 
910 |a BOA001  |b 4-1004.377 
990 |a BK 
996 7 |b 2610015340  |c 4-1004.377  |l MZK  |r Sklad / do 1 hodiny  |n 3  |p p.v.  |w 000014229  |u 000010  |a 1  |e BOA001  |j MZK50  |s A